000 00539nam a2200181Ia 4500
008 090124s9999 xx 000 0 und d
082 _b46876
100 _aडहाळे संजय
245 _a पिटातल्या शिटटया
250 _a1
260 _c2008
300 _a175
600 _aडहाळे संजय
630 _a पिटातल्या शिटटया
700 _aडहाळे संजय
730 _a पिटातल्या शिटटया
942 _cBOOK
999 _c113160
_d113160